PRACTICAL THOUGHT. (Record no. 688404)

MARC details
000 -LEADER
fixed length control field 00508nam a2200181Ia 4500
008 - FIXED-LENGTH DATA ELEMENTS--GENERAL INFORMATION
fixed length control field 100920s9999 xx 000 0 und d
082 ## - DEWEY DECIMAL CLASSIFICATION NUMBER
Item number 34046
Classification number 100 ढ 0
100 ## - MAIN ENTRY--PERSONAL NAME
Personal name NEVINS WILLIAM.
245 ## - TITLE STATEMENT
Title PRACTICAL THOUGHT.
260 ## - PUBLICATION, DISTRIBUTION, ETC. (IMPRINT)
Name of publisher, distributor, etc AMERICAN TARCT SOCIETY, NEW YORK.
Date of publication, distribution, etc 0
300 ## - PHYSICAL DESCRIPTION
Extent 234
Other physical details साधी
365 ## - TRADE PRICE
Price amount 0
520 ## - SUMMARY, ETC.
Summary, etc ृॅआर.बी.आर.आर.
630 ## - SUBJECT ADDED ENTRY--UNIFORM TITLE
Uniform title PRACTICAL THOUGHT.
650 ## - SUBJECT ADDED ENTRY--TOPICAL TERM
Topical term or geographic name as entry element ृॅआर.बी.आर.आर.
730 ## - ADDED ENTRY--UNIFORM TITLE
Uniform title PRACTICAL THOUGHT.
942 ## - ADDED ENTRY ELEMENTS (KOHA)
Koha item type Book
Holdings
Withdrawn status Lost status Damaged status Not for loan Home library Current library Shelving location Date acquired Cost, normal purchase price Total Checkouts Barcode Date last seen Price effective from Koha item type Public note
        Shri Chhatrapati Pratapsinh Maharaj ( Thorle) Nagar Vachanalaya, Satara Shri Chhatrapati Pratapsinh Maharaj ( Thorle) Nagar Vachanalaya, Satara     0.00   SATVAC-34046 09/20/2010 09/20/2010 Book देवघेव